<?xml version="1.0" encoding="UTF-8"?>
<record
    xmlns:xsi="http://www.w3.org/2001/XMLSchema-instance"
    xsi:schemaLocation="http://www.loc.gov/MARC21/slim http://www.loc.gov/standards/marcxml/schema/MARC21slim.xsd"
    xmlns="http://www.loc.gov/MARC21/slim">

  <leader>00962nam0a2200313   4500</leader>
  <controlfield tag="001">RU\NLR\bibl\84237</controlfield>
  <controlfield tag="005">20260405182508.0</controlfield>
  <datafield tag="010" ind1=" " ind2=" ">
    <subfield code="a">5-7654-0467-7</subfield>
  </datafield>
  <datafield tag="010" ind1=" " ind2=" ">
    <subfield code="a">5-224-00543-4</subfield>
    <subfield code="9">5000</subfield>
  </datafield>
  <datafield tag="021" ind1=" " ind2=" ">
    <subfield code="a">RU</subfield>
    <subfield code="b">2000-3941</subfield>
    <subfield code="9">195</subfield>
  </datafield>
  <datafield tag="035" ind1=" " ind2=" ">
    <subfield code="a">(NLR Aleph) 000082275</subfield>
  </datafield>
  <datafield tag="090" ind1=" " ind2=" ">
    <subfield code="a">458547</subfield>
    <subfield code="c">458547</subfield>
  </datafield>
  <datafield tag="100" ind1=" " ind2=" ">
    <subfield code="a">20000505d2000    |||y0rusy50      ca</subfield>
  </datafield>
  <datafield tag="101" ind1="0" ind2=" ">
    <subfield code="a">rus</subfield>
  </datafield>
  <datafield tag="102" ind1=" " ind2=" ">
    <subfield code="a">RU</subfield>
  </datafield>
  <datafield tag="105" ind1=" " ind2=" ">
    <subfield code="a">a   |||||||a|</subfield>
  </datafield>
  <datafield tag="200" ind1="1" ind2=" ">
    <subfield code="a">&#x422;&#x43E;&#x442; &#x441;&#x432;&#x435;&#x442;</subfield>
    <subfield code="e">&#x420;&#x43E;&#x43C;&#x430;&#x43D;</subfield>
    <subfield code="a">&#x41A;&#x440;&#x430;&#x441;&#x43D;&#x430;&#x44F; &#x448;&#x43B;&#x44F;&#x43F;&#x430;</subfield>
    <subfield code="e">&#x41F;&#x43E;&#x432;&#x435;&#x441;&#x442;&#x44C;</subfield>
    <subfield code="f">&#x41D;&#x438;&#x43D;&#x430; &#x41A;&#x430;&#x442;&#x435;&#x440;&#x43B;&#x438;</subfield>
  </datafield>
  <datafield tag="210" ind1=" " ind2=" ">
    <subfield code="a">&#x421;&#x41F;&#x431;.</subfield>
    <subfield code="c">&#x41D;&#x435;&#x432;&#x430;</subfield>
    <subfield code="a">&#x41C;.</subfield>
    <subfield code="c">&#x41E;&#x41B;&#x41C;&#x410;-&#x41F;&#x440;&#x435;&#x441;&#x441;</subfield>
    <subfield code="d">2000</subfield>
  </datafield>
  <datafield tag="215" ind1=" " ind2=" ">
    <subfield code="a">381, [2] c.</subfield>
    <subfield code="d">21</subfield>
  </datafield>
  <datafield tag="225" ind1="1" ind2=" ">
    <subfield code="a">&#x418;&#x43C;&#x435;&#x43D;&#x430;</subfield>
  </datafield>
  <datafield tag="686" ind1=" " ind2=" ">
    <subfield code="a">&#x428;6(2=&#x420;)75-440.4</subfield>
  </datafield>
  <datafield tag="700" ind1=" " ind2="1">
    <subfield code="4">070</subfield>
    <subfield code="a">&#x41A;&#x430;&#x442;&#x435;&#x440;&#x43B;&#x438;</subfield>
    <subfield code="b">&#x41D;.&#x421;.</subfield>
    <subfield code="f">1934-</subfield>
    <subfield code="g">&#x41D;&#x438;&#x43D;&#x430; &#x421;&#x435;&#x43C;&#x435;&#x43D;&#x43E;&#x432;&#x43D;&#x430;</subfield>
    <subfield code="3">RU\NLR\auth\7779214</subfield>
    <subfield code="9">62142</subfield>
  </datafield>
  <datafield tag="801" ind1=" " ind2="0">
    <subfield code="a">RU</subfield>
    <subfield code="b">NLR</subfield>
    <subfield code="c">20000505</subfield>
    <subfield code="g">PSBO</subfield>
  </datafield>
  <datafield tag="801" ind1=" " ind2="1">
    <subfield code="a">RU</subfield>
    <subfield code="b">NLR</subfield>
    <subfield code="c">20000505</subfield>
  </datafield>
  <datafield tag="852" ind1=" " ind2=" ">
    <subfield code="a">NLR</subfield>
    <subfield code="j">2000-3/2153</subfield>
  </datafield>
  <datafield tag="942" ind1=" " ind2=" ">
    <subfield code="c">BOOK</subfield>
  </datafield>
  <datafield tag="980" ind1=" " ind2=" ">
    <subfield code="a">NB</subfield>
  </datafield>
  <datafield tag="995" ind1=" " ind2=" ">
    <subfield code="5">2004-11-08</subfield>
    <subfield code="a">az</subfield>
    <subfield code="b">NLR02</subfield>
    <subfield code="c">NLR02</subfield>
    <subfield code="e">NZ2</subfield>
    <subfield code="f">1-218075</subfield>
    <subfield code="k">&#x41B;2 &#x428;6(2=&#x420;)7/&#x41A;-293</subfield>
    <subfield code="o">0</subfield>
    <subfield code="r">BOOK</subfield>
    <subfield code="s">2_627293</subfield>
  </datafield>
  <datafield tag="995" ind1=" " ind2=" ">
    <subfield code="5">2005-05-15</subfield>
    <subfield code="a">aa</subfield>
    <subfield code="b">NLR03</subfield>
    <subfield code="c">NLR03</subfield>
    <subfield code="e">UJZ</subfield>
    <subfield code="f">1-349699</subfield>
    <subfield code="k">&#x42E; &#x421;/&#x41A;-29</subfield>
    <subfield code="o">0</subfield>
    <subfield code="r">BOOK</subfield>
    <subfield code="s">_29</subfield>
  </datafield>
  <datafield tag="995" ind1=" " ind2=" ">
    <subfield code="5">2000-05-05</subfield>
    <subfield code="a">ad</subfield>
    <subfield code="b">NLR02</subfield>
    <subfield code="c">NLR02</subfield>
    <subfield code="e">RFS</subfield>
    <subfield code="f">28819</subfield>
    <subfield code="k">&#x41B;2 &#x428;6(2=&#x420;)7/&#x41A;-293</subfield>
    <subfield code="o">0</subfield>
    <subfield code="r">BOOK</subfield>
    <subfield code="s">2_627293</subfield>
  </datafield>
  <datafield tag="995" ind1=" " ind2=" ">
    <subfield code="5">2000-05-05</subfield>
    <subfield code="a">ad</subfield>
    <subfield code="b">NLR02</subfield>
    <subfield code="c">NLR02</subfield>
    <subfield code="e">RFS</subfield>
    <subfield code="f">28820</subfield>
    <subfield code="k">&#x41B;2 &#x428;6(2=&#x420;)7/&#x41A;-293</subfield>
    <subfield code="o">0</subfield>
    <subfield code="r">BOOK</subfield>
    <subfield code="s">2_627293</subfield>
  </datafield>
</record>
